| 000 | 01015cam a2200277 a 4500 | ||
|---|---|---|---|
| 001 | 4014616 | ||
| 003 | OSt | ||
| 005 | 20220104123404.0 | ||
| 008 | 970321s1998 wiua b 001 0 eng | ||
| 010 | _a 97003240 | ||
| 020 | _a087389362X (alk. paper) | ||
| 040 |
_aDLC _cHU _dDLC |
||
| 050 | 0 | 0 |
_aHF5415.335 _b.H39 1997 |
| 082 | 0 | 0 |
_a658.8/12 HAY 1998 _221 |
| 100 | 1 |
_aHayes, Bob E., _d1963- _927083 |
|
| 245 | 1 | 0 |
_aMeasuring customer satisfaction : _bsurvey design, use, and statistical analysis methods / _cBob E. Hayes. |
| 250 | _a2nd ed. | ||
| 260 |
_aMilwaukee, Wis. : _bASQC Quality Press, _cc1998. |
||
| 300 |
_axviii, 278 p. : _bill. ; _c24 cm. |
||
| 504 | _aIncludes bibliographical references (p. 261-266) and index. | ||
| 650 | 0 |
_aConsumer satisfaction _xStatistical methods. _927084 |
|
| 650 | 0 |
_aQuestionnaires. _927085 |
|
| 906 |
_a7 _bcbu _corignew _d1 _eocip _f19 _gy-gencatlg |
||
| 942 |
_2ddc _cBOOKS _n0 |
||
| 999 |
_c25979 _d25979 |
||